[Event "2017 Standard Chess Dropout Tournament, Round 3"]
[Site "SchemingMind.com"]
[Date "2017.09.10"]
[Round "3"]
[White "JPT"]
[Black "emvarela"]
[Result "0-1"]
[WhiteCountry "INT"]
[BlackCountry "ARG"]
[WhiteElo "1627"]
[WhiteRD "92"]
[BlackElo "1911"]
[BlackRD "68"]
[GameID "418360"]

1. e4 e5 2. Bb5 Nf6 3. Nc3 a6 4. Ba4 b5 5. Bb3 b4 6. Na4 Nc6 7. d3 Be7 8. Nf3 d5 9. exd5 Nxd5 10. O-O O-O
11. Re1 Bf6 12. Bd2 Bg4 13. h3 Be6 14. c3 Qd6 15. cxb4 Ndxb4 16. Bxe6 fxe6 17. Nc3 Nxd3 18. Re4 Nxb2 19. Qc2 Nd3 20. Bg5 Bxg5
21. Nxg5 Rxf2 22. Re2 Rxe2 23. Qxe2 Qd4+ 24. Kh2 Qxc3 25. Qh5 h6 26. Qf7+ Kh8 27. Nxe6 e4 28. Rf1 Qe5+ 29. Kg1 Nd4 30. Nf8 Ne2+
31. Kh1 Ng3+ 32. Kg1 Qd4+ 33. Kh2 Nxf1+ 34. Qxf1 Qd6+
0-1

[Event "2017 Standard Chess Dropout Tournament, Round 3"]
[Site "SchemingMind.com"]
[Date "2017.09.15"]
[Round "3"]
[White "klapa"]
[Black "maro"]
[Result "1-0"]
[WhiteCountry "POL"]
[BlackCountry "MEX"]
[WhiteElo "1489"]
[WhiteRD "83"]
[BlackElo "1447"]
[BlackRD "71"]
[GameID "418361"]

1. e4 e5 2. c3 a6 3. d4 exd4 4. cxd4 d6 5. d5 Nf6 6. Nc3 c6 7. Bd3 cxd5 8. exd5 Qa5 9. Bd2 Nxd5 10. Ne4 Qd8
11. Nf3 h6 12. Bc4 Nf6 13. Nc3 Qc7 14. b3 Be6 15. Bd3 d5 16. O-O Bd6 17. Rc1 Qd7 18. a4 Nc6 19. Rb1 Nb4 20. Be2 Bf5
21. Re1 O-O 22. Rc1 Bc5 23. Ne5 Qd6 24. Bf4 Ne4 25. Bh5 Bxf2+ 26. Kh1 Bxe1 27. Qxe1 g6 28. Nxg6 fxg6 29. Bxd6 Nxd6 30. Bf3 Nd3
31. Bxd5+ Nf7 32. Qd2 g5 33. Bxb7 Ra7 34. Bd5 Nxc1 35. Qxc1 Rc7 36. b4 Re8 37. h3 Re5 38. Bxf7+ Kxf7 39. Qb2 Be6 40. Nb5 Re1+
41. Kh2 Rcc1 42. Nd6+ Ke7 43. Nb7 g4 44. Qg7+ Bf7 45. Qxg4 Rh1+ 46. Kg3 Rc3+ 47. Kf2 h5 48. Qg5+ Kf8 49. Qd8+
1-0

[Event "2017 Standard Chess Dropout Tournament, Round 3"]
[Site "SchemingMind.com"]
[Date "2017.09.14"]
[Round "3"]
[White "KristianO"]
[Black "Dan Geana"]
[Result "0-1"]
[WhiteCountry "NOR"]
[BlackCountry "ROU"]
[WhiteElo "1686"]
[WhiteRD "99"]
[BlackElo "2531"]
[BlackRD "121"]
[GameID "418362"]

1. c4 e5 2. Nc3 Nf6 3. g3 Bb4 4. Nf3 Nc6 5. Bg2 O-O 6. O-O d6 7. d3 h6 8. e4 a6 9. a3 Bxc3 10. bxc3 b5
11. cxb5 axb5 12. Bb2 Be6 13. h3 Nd7 14. d4 Bc4 15. Re1 Na5 16. Nd2 Nb6 17. Nxc4 Naxc4 18. Bc1 c6 19. d5 cxd5 20. exd5 Qd7
21. Kh2 f5 22. Qh5 Na4 23. f4 Nxc3 24. fxe5 dxe5 25. d6 e4 26. Bxe4 fxe4 27. Rxe4 Nxe4 28. Qd5+ Qf7 29. Qxe4 Qf1 30. Qe6+ Kh8
31. Qxh6+ gxh6 32. Bb2+ Nxb2 33. Rxf1 Rxf1 34. Kg2 Raf8 35. h4 Nd1
0-1

[Event "2017 Standard Chess Dropout Tournament, Round 3"]
[Site "SchemingMind.com"]
[Date "2017.09.15"]
[Round "3"]
[White "lawyertheologian"]
[Black "edg"]
[Result "1-0"]
[WhiteCountry "USA"]
[BlackCountry "USA"]
[WhiteElo "1937"]
[WhiteRD "87"]
[BlackElo "1784"]
[BlackRD "76"]
[GameID "418363"]

1. e4 d6 2. d4 Nf6 3. Bd3 g6 4. f4 Bg4 5. Nf3 a6 6. O-O Nc6 7. c3 d5 8. e5 Ne4 9. Nbd2 Bxf3 10. Qxf3 Nxd2
11. Bxd2 e6 12. g4 Qe7 13. f5 O-O-O 14. fxe6 fxe6 15. Qf6 Bg7 16. Qxe7 Nxe7 17. Rf7 Bf8 18. Bg5 Re8 19. Bf6 Rg8 20. Rxh7 Kb8
21. Rf1 Nc6 22. Bg5 Be7 23. Bxe7 Rxe7 24. Rxe7 Nxe7 25. Rf7 Nc6 26. g5 Kc8 27. Rf6 Ne7 28. Rxe6 Kd7 29. Rf6 c6 30. Kg2 b5
31. Kg3 Rg7 32. h4 a5 33. Kg4 b4 34. h5 gxh5+ 35. Kxh5 bxc3 36. bxc3 Rg8 37. Rf7 Rb8 38. g6 Rb2 39. g7 Ke8 40. Rxe7+ Kxe7
41. g8=Q Rh2+ 42. Kg6 Rg2+ 43. Kh7 Rxg8 44. Kxg8 Ke8 45. Ba6
1-0

[Event "2017 Standard Chess Dropout Tournament, Round 3"]
[Site "SchemingMind.com"]
[Date "2017.09.11"]
[Round "3"]
[White "Clive Everill"]
[Black "Wojciech  Langer"]
[Result "0-1"]
[WhiteCountry "CZE"]
[BlackCountry "INT"]
[WhiteElo "1766"]
[WhiteRD "60"]
[BlackElo "1796"]
[BlackRD "91"]
[GameID "418365"]

1. e4 Nc6 2. d4 d5 3. Nc3 dxe4 4. d5 Ne5 5. Bf4 Ng6 6. Bg3 f5 7. Nh3 e6 8. Bb5+ Bd7 9. dxe6 Bc6 10. Bxc6+ bxc6
11. Ng5 Qxd1+ 12. Rxd1 Nh6 13. Bxc7 Be7 14. Nf7 Nxf7 15. exf7+ Kxf7 16. O-O Rhe8 17. Ne2 c5 18. b3 Rac8 19. Ba5 Nf8 20. Nf4 Bd8
21. Bc3 Bb6 22. Nd5 Rcd8 23. Ne3 Rxd1 24. Rxd1 g6 25. a4 Rd8 26. Rb1 Ne6 27. a5 Bc7 28. b4 cxb4 29. Bxb4 Rb8 30. c3 Bxa5
31. Nd5 Bxb4 32. Rxb4 Rxb4 33. Nxb4 a5 34. Na2 Nc5 35. c4 Ke6 36. Kf1 Ke5 37. Ke2 Kd4 38. Kd2 Kxc4 39. Nc3 a4 40. Nb1 Kb3
41. Ke3 a3 42. Nxa3 Kxa3 43. f3 Kb4 44. fxe4 Nxe4 45. g4 Kc5 46. Kf4 Nd6 47. g5 Kd5 48. h3 Kd4 49. h4 Kd5 50. Ke3 Ke5
51. Kf3 Nc4 52. Kg3 Ke4 53. Kh3 f4 54. Kg4 f3 55. h5 f2
0-1

[Event "2017 Standard Chess Dropout Tournament, Round 3"]
[Site "SchemingMind.com"]
[Date "2017.09.15"]
[Round "3"]
[White "Marc Wakeham"]
[Black "flammablepawn"]
[Result "0-1"]
[WhiteCountry "WLS"]
[BlackCountry "USA"]
[WhiteElo "1578"]
[WhiteRD "90"]
[BlackElo "1843"]
[BlackRD "128"]
[GameID "418366"]

1. e4 e6 2. d4 d5 3. Nc3 Nf6 4. Bg5 dxe4 5. Nxe4 Be7 6. Qf3 Nxe4 7. Bxe7 Qxe7 8. Qxe4 Qb4+ 9. c3 Qxb2 10. Rd1 Qxc3+
0-1

[Event "2017 Standard Chess Dropout Tournament, Round 3"]
[Site "SchemingMind.com"]
[Date "2017.09.15"]
[Round "3"]
[White "maro"]
[Black "Goz"]
[Result "0-1"]
[WhiteCountry "MEX"]
[BlackCountry "ENG"]
[WhiteElo "1449"]
[WhiteRD "70"]
[BlackElo "1446"]
[BlackRD "83"]
[GameID "418367"]

1. d4 d5 2. c4 c6 3. cxd5 cxd5 4. e4 e6 5. e5 Bb4+ 6. Nc3 Ne7 7. Bd3 Qa5 8. Bd2 Nbc6 9. a3 Bxc3 10. Bxc3 Qc7
11. Nf3 O-O 12. O-O f5 13. exf6 Rxf6 14. Re1 a6 15. Qc2 g6 16. Bd2 Nf5 17. g3 Ng7 18. Bf4 Qd7 19. Bg5 Rxf3 20. Qe2 Nxd4
21. Qd1 Ngf5 22. Bxf5 Rxf5 23. h4 Nf3+ 24. Kh1 Nxe1 25. Qxe1 Qc6 26. Kh2 e5 27. g4 Rxg5 28. hxg5 e4 29. Rc1 Qd6+ 30. Kg2 Bxg4
31. Rc2 Qe5 32. Qc1 Rf8 33. Qg1 Qxg5
0-1

[Event "2017 Standard Chess Dropout Tournament, Round 3"]
[Site "SchemingMind.com"]
[Date "2017.09.10"]
[Round "3"]
[White "Mekk"]
[Black "Ed Mason"]
[Result "1-0"]
[WhiteCountry "POL"]
[BlackCountry "WLS"]
[WhiteElo "1883"]
[WhiteRD "82"]
[BlackElo "1747"]
[BlackRD "106"]
[GameID "418368"]

1. c4 Nf6 2. g3 g6 3. Bg2 Bg7 4. Nf3 O-O 5. O-O d6 6. Nc3 e5 7. d3 Nc6 8. Bg5 h6 9. Bd2 Be6 10. a3 Qd7
11. b4 Bh3 12. Rc1 Bxg2 13. Kxg2 Kh7 14. h3 Rh8 15. Nd5 Nxd5 16. cxd5 Ne7 17. e4 f5 18. Qc2 Rac8 19. a4 g5 20. b5 f4
21. g4 Kg6 22. Nh2 h5 23. f3 hxg4 24. Nxg4 Rh5 25. Rh1 Ng8 26. Ba5 c6 27. dxc6 bxc6 28. bxc6 Qe8 29. Qc4 Kh7 30. Qa6 Ne7
31. Qxa7 Rxc6 32. Rxc6 Qxc6 33. Qxe7 Qc2+ 34. Nf2 Qxa4 35. Bc7
1-0

[Event "2017 Standard Chess Dropout Tournament, Round 3"]
[Site "SchemingMind.com"]
[Date "2017.09.11"]
[Round "3"]
[White "MichaelG"]
[Black "John Hamer"]
[Result "1/2-1/2"]
[WhiteCountry "GER"]
[BlackCountry "ENG"]
[WhiteElo "1965"]
[WhiteRD "81"]
[BlackElo "1985"]
[BlackRD "67"]
[GameID "418369"]

1. Nf3 d5 2. c4 Nf6 3. cxd5 Nxd5 4. e4 Nb6 5. d4 e6 6. Nc3 Nc6 7. Be2 Be7 8. O-O O-O 9. Be3 f5 10. d5 exd5
11. exd5 Nb4 12. Qb3 Kh8 13. Rad1 f4 14. Bxb6 axb6 15. Nd4 Bc5 16. Ne6 Bxe6 17. dxe6 Qf6 18. Bf3 Rae8 19. Ne4 Qxe6 20. Qxe6 Rxe6
21. Nxc5 bxc5 22. Bxb7 Rb6 23. Bd5 Nc2 24. b3 Rd8 25. Bc4 Rbd6 26. Rxd6 c6 27. Rd7 Rxd7=
1/2-1/2

[Event "2017 Standard Chess Dropout Tournament, Round 3"]
[Site "SchemingMind.com"]
[Date "2017.09.10"]
[Round "3"]
[White "NYNH"]
[Black "FransEvers"]
[Result "0-1"]
[WhiteCountry "USA"]
[BlackCountry "NED"]
[WhiteElo "2020"]
[WhiteRD "92"]
[BlackElo "1917"]
[BlackRD "112"]
[GameID "418370"]

1. d4 Nf6 2. c4 e6 3. g3 d5 4. Nf3 Be7 5. Bg2 O-O 6. O-O dxc4 7. Qc2 a6 8. Qxc4 b5 9. Qc2 Bb7 10. Bd2 Be4
11. Qc1 Bb7 12. Bf4 Nd5 13. Nc3 Nxf4 14. Qxf4 Qd6 15. Ne5 Bxg2 16. Kxg2 b4 17. Qe4 Ra7 18. Na4 Bf6 19. Rac1 Qe7 20. Rc2 Bxe5
21. Qxe5 Nd7 22. Qe3 Rb7 23. Nc5 Nxc5 24. Rxc5 Rb5 25. Rfc1 Rxc5 26. Rxc5 Qd7 27. Ra5 Qc6+ 28. f3 Qb6 29. Rc5 Rd8 30. Qe5 b3
31. a3 Rd7 32. e3 f6 33. Qe4 e5 34. Rc6 Qb5 35. h4 f5 36. Qxe5 Qxe5 37. dxe5 Rd2+ 38. Kf1 Rc2 39. Rxa6 Rxb2 40. Ra8+ Kf7
41. Rb8 c5 42. Ke1 c4 43. Rc8 Rc2 44. Kd1 c3 45. Rb8 Rd2+ 46. Kc1 b2+ 47. Kb1 Rd1+ 48. Ka2 Ra1+
0-1

[Event "2017 Standard Chess Dropout Tournament, Round 3"]
[Site "SchemingMind.com"]
[Date "2017.09.10"]
[Round "3"]
[White "Phil28"]
[Black "Ragged Rook"]
[Result "1-0"]
[WhiteCountry "ENG"]
[BlackCountry "ENG"]
[WhiteElo "2269"]
[WhiteRD "126"]
[BlackElo "1946"]
[BlackRD "91"]
[GameID "418371"]

1. d4 g6 2. Nf3 Bg7 3. Bf4 d6 4. e3 Nf6 5. h3 c5 6. c3 O-O 7. Be2 b6 8. O-O Bb7 9. Nbd2 Nbd7 10. a4 a6
11. Qb3 Qc7 12. Bh2 Bc6 13. Qa3 Qb7 14. c4 cxd4 15. exd4 d5 16. Rfe1 Rfe8 17. Rac1 dxc4 18. Nxc4 Bf8 19. Qb3 Bd5 20. Qd3 Be4
21. Qb3 Rac8 22. Ne3 e6 23. Nd2 Bd5 24. Nxd5 Nxd5 25. Nc4 b5 26. Ne3 b4 27. Bf3 Qb6 28. Rxc8 Rxc8 29. Nxd5 exd5 30. Bxd5 Qxd4
31. Bxf7+ Kg7 32. Be8 Qd2 33. Qf7+
1-0

[Event "2017 Standard Chess Dropout Tournament, Round 3"]
[Site "SchemingMind.com"]
[Date "2017.09.15"]
[Round "3"]
[White "Dan Geana"]
[Black "Sebastian Strauchler"]
[Result "1-0"]
[WhiteCountry "ROU"]
[BlackCountry "ARG"]
[WhiteElo "2546"]
[WhiteRD "117"]
[BlackElo "2165"]
[BlackRD "112"]
[GameID "418372"]

1. e4 c5 2. Nf3 Nc6 3. d4 cxd4 4. Nxd4 g6 5. c4 Nf6 6. Nc3 Nxd4 7. Qxd4 d6 8. Be2 Bg7 9. Be3 O-O 10. Qd2 a5
11. f3 a4 12. Kf2 Be6 13. Rac1 Nd7 14. Rhd1 f5 15. exf5 Rxf5 16. Kg1 Qa5 17. f4 Nc5 18. g3 Bd7 19. Bf3 Bc6 20. Nd5 Rf7
21. Bg4 Bd7 22. Qxa5 Rxa5 23. Bxd7 Nxd7 24. Rc2 Nf6 25. Nc7 Ng4 26. Bb6 Rh5 27. Ne6 Rf6 28. Re2 Rxh2 29. Rxh2 Rxe6 30. Rc2 d5
31. Bf2 d4 32. c5 Kf7 33. Rcc1 Nxf2 34. Kxf2 h5 35. Rd3 Rc6 36. b4 axb3 37. Rxb3 Rc7 38. Rb5 Kf6 39. a4 e5 40. Rcb1 Bf8
41. Rxb7
1-0

[Event "2017 Standard Chess Dropout Tournament, Round 3"]
[Site "SchemingMind.com"]
[Date "2017.09.10"]
[Round "3"]
[White "Quaff"]
[Black "Andreas Flato"]
[Result "0-1"]
[WhiteCountry "ENG"]
[BlackCountry "GER"]
[WhiteElo "1553"]
[WhiteRD "61"]
[BlackElo "1826"]
[BlackRD "127"]
[GameID "418374"]

1. e4 e6 2. f4 c5 3. Nf3 Nc6 4. Bb5 a6 5. Bxc6 bxc6 6. d3 d5 7. e5 h6 8. b3 Ne7 9. Bb2 Qb6 10. O-O c4+
11. Kh1 cxb3 12. axb3 Nf5 13. Qe2 c5 14. Nc3 Bb7 15. Na4 Qc6 16. Nc3 d4 17. Nb1 g5 18. fxg5 hxg5 19. Nxg5 Ng3+
0-1

[Event "2017 Standard Chess Dropout Tournament, Round 3"]
[Site "SchemingMind.com"]
[Date "2017.09.11"]
[Round "3"]
[White "Ragged Rook"]
[Black "Diadoco"]
[Result "1-0"]
[WhiteCountry "ENG"]
[BlackCountry "MEX"]
[WhiteElo "1946"]
[WhiteRD "91"]
[BlackElo "1987"]
[BlackRD "99"]
[GameID "418375"]

1. g3 d5 2. Bg2 e5 3. d3 f5 4. c4 Nf6 5. cxd5 Nxd5 6. Nf3 Nc6 7. O-O Nb6 8. Nc3 Be6 9. Ng5 Qd7 10. Nxe6 Qxe6
11. Nb5 Bd6 12. a4 a6 13. Nxd6+ cxd6 14. a5 Nd7 15. Qa4 Rc8 16. b4 O-O 17. Bd2 Nf6 18. e3 d5 19. Rab1 e4 20. d4 Na7
21. Rfc1 Nb5 22. Bf1 Nd6 23. b5 axb5 24. Bxb5 Rxc1+ 25. Rxc1 Rc8 26. Rc5 Rxc5 27. dxc5 Nxb5 28. Qxb5 Qd7 29. c6 bxc6 30. Qb8+ Kf7
31. a6 Ne8 32. Ba5 c5 33. a7 Qa4 34. Qb7+ Kf8 35. Qxd5 Qxa5 36. a8=Q Qxa8 37. Qxa8 Kf7 38. Qd5+ Kg6 39. g4 fxg4 40. Qxe4+ Kf7
41. Qxg4 Nf6 42. Qc4+ Kg6 43. Qxc5 h6 44. f3 Kf7 45. h4 Kg6 46. e4 Kf7 47. e5 Nd7 48. Qd6 Nf8 49. f4 g6 50. Qf6+ Ke8
51. e6 g5 52. Qf7+
1-0

[Event "2017 Standard Chess Dropout Tournament, Round 3"]
[Site "SchemingMind.com"]
[Date "2017.09.12"]
[Round "3"]
[White "roscoe"]
[Black "JPT"]
[Result "0-1"]
[WhiteCountry "USA"]
[BlackCountry "INT"]
[WhiteElo "1276"]
[WhiteRD "97"]
[BlackElo "1608"]
[BlackRD "93"]
[GameID "418376"]

1. Nf3 d6 2. h3 e5 3. e4 Nc6 4. Bb5 Bd7 5. O-O a6 6. Bxc6 Bxc6 7. Nc3 Nf6 8. Re1 Be7 9. d4 exd4 10. Nxd4 Bd7
11. Nd5 Nxd5 12. exd5 O-O 13. b3 Re8 14. a4 Bf6 15. c3 c5 16. Nf3 Bxc3 17. Rxe8+ Qxe8 18. Bf4 Qf8 19. Rc1 Bb4 20. Qd3 Re8
21. Ng5 g6 22. Ne4 f6 23. Nxd6 Re7 24. Nxb7 Bc8 25. Nd6 a5 26. Bd2 Bxd2 27. Qxd2 Ba6 28. Rxc5 Re2 29. Qf4 g5 30. Qg3 h5
31. Rxa5 h4 32. Qh2 Re1#
0-1

[Event "2017 Standard Chess Dropout Tournament, Round 3"]
[Site "SchemingMind.com"]
[Date "2017.09.11"]
[Round "3"]
[White "Rudi Ratlos"]
[Black "Mike Winslow"]
[Result "0-1"]
[WhiteCountry "GER"]
[BlackCountry "USA"]
[WhiteElo "2036"]
[WhiteRD "117"]
[BlackElo "1940"]
[BlackRD "95"]
[GameID "418377"]

1. c4 Nf6 2. g3 g6 3. Bg2 Bg7 4. Nc3 d6 5. e4 Nbd7 6. Nge2 O-O 7. d3 c5 8. O-O Rb8 9. f4 a6 10. a4 Ne8
11. a5 Nc7 12. h3 Ne6= 13. Kh2 Nd4 14. Nd5 b5 15. axb6 Nxb6 16. Rb1 Nxd5 17. exd5 a5 18. Nxd4 Bxd4 19. Qc2 Bd7 20. Re1 a4
21. Bd2 Re8 22. Bc3 Rb3 23. Bxd4 cxd4 24. c5 Bb5 25. Bf1 e5
0-1

[Event "2017 Standard Chess Dropout Tournament, Round 3"]
[Site "SchemingMind.com"]
[Date "2017.09.10"]
[Round "3"]
[White "Russell Sherwood"]
[Black "chesshub"]
[Result "1/2-1/2"]
[WhiteCountry "WLS"]
[BlackCountry "FRA"]
[WhiteElo "2303"]
[WhiteRD "115"]
[BlackElo "2600"]
[BlackRD "79"]
[GameID "418378"]

1. e4 e5 2. Nf3 Nf6 3. Nxe5 d6 4. Nf3 Nxe4 5. d4 d5 6. Bd3 Nc6 7. O-O Be7 8. c4 Nb4 9. Be2 O-O 10. Nc3 Bf5
11. a3 Nxc3 12. bxc3 Nc6 13. Re1 Re8 14. cxd5 Qxd5 15. Bf4 Rac8 16. Bd3 Qd7 17. Rb1 b6 18. d5 Bxd3 19. Qxd3 Bxa3 20. Ng5 g6
21. Ne4 Qf5 22. Bxc7 Rxc7 23. Nf6+ Qxf6 24. Rxe8+ Kg7 25. dxc6 Bc5 26. Rb2 Rxc6 27. Qd8 Bd4 28. Rg8+ Kh6 29. Qf8+ Kg5 30. h4+ Kh5
31. Qd8=
1/2-1/2

[Event "2017 Standard Chess Dropout Tournament, Round 3"]
[Site "SchemingMind.com"]
[Date "2017.09.11"]
[Round "3"]
[White "sbb"]
[Black "Apatchenlama"]
[Result "1-0"]
[WhiteCountry "USA"]
[BlackCountry "GER"]
[WhiteElo "2494"]
[WhiteRD "107"]
[BlackElo "2077"]
[BlackRD "83"]
[GameID "418379"]

1. d4 e6 2. c4 d5 3. Nf3 Nf6 4. g3 Bb4+ 5. Bd2 Bd6 6. Nc3 O-O 7. Bg5 c6 8. Bg2 h6 9. Bxf6 Qxf6 10. O-O dxc4
11. Ne4 Qe7 12. Nxd6 Qxd6 13. Ne5 Nd7 14. Nxc4 Qe7 15. b3 Rd8 16. Qd2 Nf6 17. Rfd1 c5 18. Qb2 cxd4 19. Rxd4 a5 20. Rad1 Rxd4
21. Qxd4 Nd7 22. a3 e5 23. Qc3 a4 24. bxa4 Rb8 25. Nd6
1-0

[Event "2017 Standard Chess Dropout Tournament, Round 3"]
[Site "SchemingMind.com"]
[Date "2017.09.15"]
[Round "3"]
[White "simon_w"]
[Black "Brian Pott"]
[Result "0-1"]
[WhiteCountry "IRL"]
[BlackCountry "AUS"]
[WhiteElo "1852"]
[WhiteRD "109"]
[BlackElo "2376"]
[BlackRD "85"]
[GameID "418380"]

1. d4 Nf6 2. c4 g6 3. g3 Bg7 4. Bg2 O-O 5. Nc3 d6 6. Nf3 Nbd7 7. O-O e5 8. b3 Re8 9. Bg5 h6 10. Bd2 exd4
11. Nxd4 Nc5 12. Qc2 Qe7 13. Rfe1 c6 14. Rad1 Nce4 15. Nxe4 Nxe4 16. Be3 a5 17. a4 Nc5 18. Bf4 Rd8 19. e4 Bg4 20. f3 Bc8
21. h4 Bxd4+ 22. Rxd4 Ne6 23. Rdd1 Nxf4 24. gxf4 Qxh4
0-1

[Event "2017 Standard Chess Dropout Tournament, Round 3"]
[Site "SchemingMind.com"]
[Date "2017.09.14"]
[Round "3"]
[White "Adrian Grajczak"]
[Black "felixkronlage"]
[Result "1-0"]
[WhiteCountry "POL"]
[BlackCountry "GER"]
[WhiteElo "1832"]
[WhiteRD "89"]
[BlackElo "1305"]
[BlackRD "75"]
[GameID "418381"]

1. e4 e5 2. d4 Bd6 3. Nf3 Nc6 4. d5 Nd4 5. Nxd4 exd4 6. Qxd4 f6 7. f4 c5 8. Qd3 Ne7 9. c4 O-O 10. Be2 f5
11. e5 Bc7 12. d6 Ba5+ 13. Bd2 b6 14. dxe7 Qxe7 15. Qd5+
1-0

[Event "2017 Standard Chess Dropout Tournament, Round 3"]
[Site "SchemingMind.com"]
[Date "2017.09.10"]
[Round "3"]
[White "smothered mate"]
[Black "Rudi Ratlos"]
[Result "0-1"]
[WhiteCountry "POL"]
[BlackCountry "GER"]
[WhiteElo "2115"]
[WhiteRD "82"]
[BlackElo "2055"]
[BlackRD "114"]
[GameID "418382"]

1. e4 e5 2. Nf3 d6 3. d4 exd4 4. Nxd4 Nf6 5. Nc3 Be7 6. Be2 O-O 7. Be3 Re8 8. O-O Bf8 9. f3 c5 10. Nb3 a6
11. Qd2 Nc6 12. Rad1 Be6 13. Nc1 Qc7 14. Nd3 b5 15. Nf4 Rad8 16. Ncd5 Bxd5 17. Nxd5 Nxd5 18. Qxd5 Nb4 19. Qb3 d5 20. a3 d4
21. Bf2 c4 22. Bxc4 bxc4 23. Qa4 Qc6 24. Qxc6 Nxc6 25. g4 Bd6 26. Kg2 Bf4 27. b3 cxb3 28. cxb3 Re6 29. h4 Red6 30. e5 Nxe5
31. Rfe1 f6 32. Re4 Be3 33. Bxe3 dxe3 34. Rxd6 Rxd6 35. Rxe3 Rd3 36. Re4 Rxb3 37. Ra4 Rb6 38. g5 Kf7 39. f4 Nd3 40. f5 Ke7
41. Re4+ Ne5 42. Kf2 Rc6 43. Ke2 Rc4
0-1

[Event "2017 Standard Chess Dropout Tournament, Round 3"]
[Site "SchemingMind.com"]
[Date "2017.09.10"]
[Round "3"]
[White "Stephen Woodhouse"]
[Black "Phil28"]
[Result "0-1"]
[WhiteCountry "ENG"]
[BlackCountry "ENG"]
[WhiteElo "1876"]
[WhiteRD "60"]
[BlackElo "2243"]
[BlackRD "130"]
[GameID "418383"]

1. e4 e6 2. d4 d5 3. Nd2 c5 4. exd5 Qxd5 5. Ngf3 cxd4 6. Bc4 Qd6 7. O-O Nf6 8. Nb3 Nc6 9. Nbxd4 Nxd4 10. Nxd4 a6
11. Re1 Qc7 12. Qe2 h6 13. h3 Bd6 14. Nf5 Bh2+ 15. Kh1 O-O 16. g3 exf5 17. Kxh2 Re8 18. Be3 Be6 19. Bxe6 Rxe6 20. Qd3 Ne4
21. Rad1 Rae8 22. c3 b5 23. Qd7 Qxd7 24. Rxd7 Nxf2 25. Rf1 Ne4 26. Bf4 Nf6 27. Rd2 Re2+ 28. Rf2 Re1 29. Rd6 Ne4
0-1

[Event "2017 Standard Chess Dropout Tournament, Round 3"]
[Site "SchemingMind.com"]
[Date "2017.09.10"]
[Round "3"]
[White "surfnsuds"]
[Black "Wojtek26"]
[Result "0-1"]
[WhiteCountry "USA"]
[BlackCountry "POL"]
[WhiteElo "1383"]
[WhiteRD "79"]
[BlackElo "1558"]
[BlackRD "47"]
[GameID "418384"]

1. d4 d5 2. c4 e6 3. Nf3 Nf6 4. Nc3 c5 5. cxd5 Nxd5 6. e3 Bd6 7. Bc4 Nxc3 8. bxc3 cxd4 9. cxd4 O-O 10. e4 a6
11. e5 Be7 12. d5 exd5 13. Bxd5 Bb4+ 14. Ke2 Bg4 15. a3 Ba5 16. Qd4 Bxf3+ 17. gxf3 Nc6 18. Bxc6 Qxd4 19. Be3 Qb2+ 20. Kd3 Rad8+
21. Bd4 Rxd4+ 22. Ke3 Qd2#
0-1

[Event "2017 Standard Chess Dropout Tournament, Round 3"]
[Site "SchemingMind.com"]
[Date "2017.09.15"]
[Round "3"]
[White "thefriediceman"]
[Black "Glenn O'Brien"]
[Result "1/2-1/2"]
[WhiteCountry "USA"]
[BlackCountry "AUS"]
[WhiteElo "1901"]
[WhiteRD "117"]
[BlackElo "1924"]
[BlackRD "80"]
[GameID "418385"]

1. e4 e5 2. Nc3 Nf6 3. g3 Bc5 4. Bg2 Nc6 5. Nge2 O-O 6. O-O d6 7. h3 a6 8. d3 h6 9. Kh2 Be6 10. f4 Bd7
11. f5 Nd4 12. Nxd4 Bxd4 13. Ne2 Bc5 14. g4 Bc6 15. Ng3 d5 16. g5 hxg5 17. Bxg5 dxe4 18. Nxe4 Bxe4 19. Bxe4 c6 20. Qf3 Qd6
21. Rad1 Nd5 22. a3 Rae8 23. f6 Nxf6 24. Bxf6 Qxf6 25. Qxf6 gxf6 26. Rxf6 Bd4 27. Rd2 Kg7 28. Rf5 Rh8 29. Rg2+ Kf8 30. b3 Bc5
31. a4 Re6 32. Rg3=
1/2-1/2

[Event "2017 Standard Chess Dropout Tournament, Round 3"]
[Site "SchemingMind.com"]
[Date "2017.09.11"]
[Round "3"]
[White "Trevor Brotherton"]
[Black "JAHI"]
[Result "0-1"]
[WhiteCountry "ENG"]
[BlackCountry "INT"]
[WhiteElo "2139"]
[WhiteRD "60"]
[BlackElo "2169"]
[BlackRD "67"]
[GameID "418386"]

1. b3 h6 2. Bb2 c6 3. g3 Qc7 4. Bg2 d6 5. Nf3 Bg4 6. O-O Bxf3 7. Bxf3 h5 8. e3 h4 9. g4 h3 10. c4 e6
11. Nc3 Nd7 12. Be2 Nh6 13. f4 Be7 14. Rc1 a6 15. b4 a5 16. b5 a4 17. d4 a3 18. Ba1 Qb6 19. Rb1 Qa7 20. Kh1 d5
21. e4 dxe4 22. Nxe4 Rd8 23. Rb3 Qa8 24. Rxh3 Rg8 25. f5 exf5 26. gxf5 f6
0-1

[Event "2017 Standard Chess Dropout Tournament, Round 3"]
[Site "SchemingMind.com"]
[Date "2017.09.12"]
[Round "3"]
[White "Wojciech  Langer"]
[Black "smothered mate"]
[Result "0-1"]
[WhiteCountry "INT"]
[BlackCountry "POL"]
[WhiteElo "1796"]
[WhiteRD "91"]
[BlackElo "2081"]
[BlackRD "82"]
[GameID "418387"]

1. e4 e6 2. d4 d5 3. Nd2 Nf6 4. e5 Nfd7 5. Bd3 c5 6. c3 Nc6 7. Ne2 cxd4 8. cxd4 f6 9. exf6 Nxf6 10. Nf3 Bd6
11. O-O Qb6 12. a3 O-O 13. b4 e5 14. dxe5 Nxe5 15. Nh4 Bg4 16. Be3 Qc7 17. Nf5 Bxf5 18. Bxf5 Nc4 19. Kh1 Nxe3 20. fxe3 Qe7
21. Nc3 Qe5
0-1

[Event "2017 Standard Chess Dropout Tournament, Round 3"]
[Site "SchemingMind.com"]
[Date "2017.09.10"]
[Round "3"]
[White "Wojtek26"]
[Black "Holty"]
[Result "0-1"]
[WhiteCountry "POL"]
[BlackCountry "ENG"]
[WhiteElo "1558"]
[WhiteRD "47"]
[BlackElo "1722"]
[BlackRD "64"]
[GameID "418388"]

1. e4 e6 2. d4 d5 3. e5 c5 4. c3 Nc6 5. Nf3 Bd7 6. Bb5 Nxe5 7. Nxe5 Bxb5 8. a4 Ba6 9. Bd2 cxd4 10. cxd4 Qb6
11. Bc3 Bb4 12. Qf3 f6 13. Bxb4 Qxb4+ 14. Qc3 Qxc3+ 15. Nxc3 fxe5 16. dxe5 Ne7 17. b4 Bc4 18. Kd2 O-O 19. f3 a6 20. Ne2 Bxe2
21. Kxe2 Nc6 22. b5 Nxe5 23. bxa6 Rxa6 24. Rhc1 Nc4 25. Kd3 Nb2+ 26. Ke3 Rxa4 27. Rc7 Rxa1
0-1

[Event "2017 Standard Chess Dropout Tournament, Round 3"]
[Site "SchemingMind.com"]
[Date "2017.09.15"]
[Round "3"]
[White "Yos"]
[Black "William Lindberg"]
[Result "1-0"]
[WhiteCountry "INA"]
[BlackCountry "USA"]
[WhiteElo "2592"]
[WhiteRD "91"]
[BlackElo "2415"]
[BlackRD "71"]
[GameID "418389"]

1. c4 e5 2. Nc3 Nf6 3. g3 Bc5 4. Bg2 O-O 5. Nf3 d6 6. d4 exd4 7. Nxd4 Nbd7 8. O-O Re8 9. b3 a6 10. Bb2 Ne5
11. Rc1 h5 12. Nf3 Nxf3+ 13. exf3 h4 14. Re1 Rxe1+ 15. Qxe1 Be6 16. Ne2 Bd7 17. Nf4 a5 18. Qd2 Bb4 19. Qc2 a4 20. Bxf6 gxf6
21. bxa4 Bc5 22. Nh5 hxg3 23. hxg3 Ra5 24. g4 Bd4 25. Qd2 c5 26. Qh6 Qf8 27. Nxf6+ Bxf6 28. Qxf6 Ra8 29. a5 Qg7 30. Qxd6 Qd4
31. Qe7 Qd2 32. Rb1 Bc6 33. a3 Re8 34. Qxc5 Ra8 35. Qb4 Qg5 36. c5 Re8 37. Qc3 Qd5 38. Kh2 Qg5 39. Kg3 Qg7 40. Qxg7+ Kxg7
41. Rb6 Rc8 42. a6 bxa6 43. Rxa6 Rc7 44. Bf1 Kf8 45. Bc4 Ke7 46. f4 Kf8 47. g5 Kg7 48. Ra5 Be4 49. Kg4 Bb7 50. f5 Rd7
51. f4 f6 52. Rb5 Kf8 53. Rb6 Rh7 54. Rxf6+ Ke7 55. Rb6 Bc8 56. g6 Rh1 57. g7 Rg1+ 58. Kf3 Bxf5 59. g8=Q Rxg8 60. Bxg8 Bc2
61. Bh7 Bd1+ 62. Ke3 Bg4 63. a4 Bh3 64. a5 Bf1 65. Be4
1-0